Normal view MARC view
  • Steger, Hanns-Albert,

Entry Nombre Personal

Number of records used in: 8

001 - NUMERO DE CONTROL

  • campo de control: 30762

003 - IDENTIFICADOR DE NUMERO DE CONTROL

  • campo de control: DLC

005 - FECHA Y HORA DE LA ÜLTIMA TRANSACCIÓN

  • campo de control: 20220502094358.0

008 - DATOS DE LONGITUD FIJA

  • campo de control de longitud fija: 220502n| azannaabn |a aaa

010 ## - NÚMERO DE CONTROL DE LA BIBLIOTECA DEL CONGRESO

  • Número de control LC: n 81015360

035 ## - NUMERO DE CONTROL

  • Número de control: (OCoLC)oca00561234

040 ## - FUENTE DE CATALOGACIÓN

  • Agencia original de catalogación: DLC
  • Lenguaje de catalogación: spa
  • Description conventions: rda
  • Agencia de transcripción: DLC
  • Agencia que lo modifica: DLC
  • Agencia que lo modifica: OCoLC
  • Agencia que lo modifica: DLC
  • Agencia que lo modifica: PSt
  • Agencia que lo modifica: UkOxU
  • Agencia que lo modifica: MX-MxUPN

046 ## - FECHAS CON CODIFICACIÓN ESPECIAL

  • Fecha de nacimiento: 1923-03-30
  • Fecha de muerte: 2015-08-21
  • Fuente del formato de fecha: edtf

100 1# - ENCABEZAMIENTO - NOMBRE PERSONAL

  • Nombre personal: Steger, Hanns-Albert,
  • Fechas asociadas con el nombre: 1923-2015

370 ## - LUGAR ASOCIADO

  • Associated country: Alemania
  • Other associated place: Erlangen (Alemania)
  • Fuente del término: naf

370 ## - LUGAR ASOCIADO

  • Place of birth: América Latina
  • Fuente del término: lcsh

372 ## - CAMPO DE ACTIVIDAD

  • Field of activity: Lenguas romances
  • Field of activity: América Latina--Condiciones sociales
  • Field of activity: América Latina--Condiciones económicas
  • Fuente del término: lcsh

373 ## - GRUPO ASOCIADO

  • Associated group: Friedrich-Alexander-Universität Erlangen-Nürnberg. Lehrstuhl für Romanische Sprachen und Auslandskunde
  • Associated group: Deutscher Akademischer Austauschdienst
  • Associated group: Westdeutsche Rektorenkonferenz
  • Fuente del término: naf

374 ## - OCUPACIÓN

  • Occupation: Profesor universitario
  • Occupation: Latinoamericanista
  • Fuente del término: lcsh

375 ## - GÉNERO

  • Gender: masculino
  • Fuente del término: lcsh

377 ## - LENGUA ASOCIADA

  • Language code: ger
  • Language code: spa

400 1# - VEÁSE - NOMBRE DE PERSONA

  • Personal name: Steger, H.-A.
  • Fuller form of name: (Hanns Albert)

400 1# - VEÁSE - NOMBRE DE PERSONA

  • Personal name: Steger, Hans Albert

670 ## - FUENTE EN LA QUE SE LOCALIZARON DATOS

  • Cita de la fuente: Standing Conference of Rectors and Vice-Chancellors of the European Universities. L'Europe des universités, 1964.

670 ## - FUENTE EN LA QUE SE LOCALIZARON DATOS

  • Cita de la fuente: La Crisis y transformación de la universidad, 1981 (a.e.)
  • Información localizada: t.p. (H.-A. Steger) p. 1 (Hanns-Albert Steger)

670 ## - FUENTE EN LA QUE SE LOCALIZARON DATOS

  • Cita de la fuente: Pérez Correa, F. The university of the future, 1981:
  • Información localizada: t.p. (Hans Albert Steger) 1st prelim. leaf (Hanns-Albert Steger) p. 203 (prof. of Romance Langs., Univ. of Nurnberg, Ger.)

670 ## - FUENTE EN LA QUE SE LOCALIZARON DATOS

  • Cita de la fuente: German wikipedia, viewed May 8, 2021
  • Información localizada: (Hanns-Albert Steger, born 30. March 1923 in Brunndöbra; died 21. August 2015 in Erlangen. Full Professor at Friedrich-Alexander-Universität Erlangen-Nürnberg, Chair for Foreign studies and Romance-speaking cultures with a focus on economic and social systems. A leading researcher in Latin American Studies. Also active for Deutscher Akademischer Austauschdienst in Bonn, Deutsches Studentenwerk und Westdeutsche Rektorenkonferenz.).

678 ## - DATOS BIOGRÁFICOS O HISTÓRICOS

  • Biographical or historical data: Prof. Dr.;
  • Biographical or historical data: b. 1923

902 ## - CATALOGADOR

  • Catalogador: NDAF/220502